<?xml version="1.0" encoding="UTF-8"?>
<record
    xmlns:xsi="http://www.w3.org/2001/XMLSchema-instance"
    xsi:schemaLocation="http://www.loc.gov/MARC21/slim http://www.loc.gov/standards/marcxml/schema/MARC21slim.xsd"
    xmlns="http://www.loc.gov/MARC21/slim">

  <leader>00454nam a2200157Ia 4500</leader>
  <controlfield tag="008">230917s9999||||xx |||||||||||||| ||und||</controlfield>
  <datafield tag="040" ind1=" " ind2=" ">
    <subfield code="e">179548</subfield>
    <subfield code="a">MAIN</subfield>
  </datafield>
  <datafield tag="041" ind1=" " ind2=" ">
    <subfield code="a">English</subfield>
  </datafield>
  <datafield tag="082" ind1=" " ind2=" ">
    <subfield code="a">658.15 K959F(13)</subfield>
  </datafield>
  <datafield tag="100" ind1=" " ind2=" ">
    <subfield code="a">Kulkarni, P V</subfield>
  </datafield>
  <datafield tag="245" ind1=" " ind2="0">
    <subfield code="a">Financial management: A conceptual approach with problems, cases and review questions</subfield>
  </datafield>
  <datafield tag="250" ind1=" " ind2=" ">
    <subfield code="a">13th ed.</subfield>
  </datafield>
  <datafield tag="260" ind1=" " ind2=" ">
    <subfield code="a">New Delhi</subfield>
    <subfield code="b">Himalaya Publishing House</subfield>
    <subfield code="c">2009</subfield>
  </datafield>
  <datafield tag="300" ind1=" " ind2=" ">
    <subfield code="a">862 p.</subfield>
  </datafield>
  <datafield tag="942" ind1=" " ind2=" ">
    <subfield code="c">BK</subfield>
  </datafield>
  <datafield tag="952" ind1=" " ind2=" ">
    <subfield code="0">0</subfield>
    <subfield code="1">0</subfield>
    <subfield code="4">0</subfield>
    <subfield code="6">658_150000000000000_K959F13</subfield>
    <subfield code="7">0</subfield>
    <subfield code="9">247215</subfield>
    <subfield code="a">MAIN</subfield>
    <subfield code="b">MAIN</subfield>
    <subfield code="d">2011-02-10</subfield>
    <subfield code="l">1</subfield>
    <subfield code="o">658.15 K959F(13)</subfield>
    <subfield code="p">273437</subfield>
    <subfield code="r">2024-03-06 11:22:51</subfield>
    <subfield code="s">2024-02-20</subfield>
    <subfield code="w">2023-09-17</subfield>
    <subfield code="y">BK</subfield>
  </datafield>
  <datafield tag="952" ind1=" " ind2=" ">
    <subfield code="0">0</subfield>
    <subfield code="1">0</subfield>
    <subfield code="4">0</subfield>
    <subfield code="6">658_150000000000000_K959F13</subfield>
    <subfield code="7">0</subfield>
    <subfield code="9">247216</subfield>
    <subfield code="a">MAIN</subfield>
    <subfield code="b">MAIN</subfield>
    <subfield code="d">2011-02-10</subfield>
    <subfield code="l">0</subfield>
    <subfield code="o">658.15 K959F(13)</subfield>
    <subfield code="p">273438</subfield>
    <subfield code="r">2023-09-17 21:35:52</subfield>
    <subfield code="w">2023-09-17</subfield>
    <subfield code="y">BK</subfield>
  </datafield>
  <datafield tag="952" ind1=" " ind2=" ">
    <subfield code="0">0</subfield>
    <subfield code="1">0</subfield>
    <subfield code="4">0</subfield>
    <subfield code="6">658_150000000000000_K959F13</subfield>
    <subfield code="7">0</subfield>
    <subfield code="9">247217</subfield>
    <subfield code="a">MAIN</subfield>
    <subfield code="b">MAIN</subfield>
    <subfield code="d">2011-02-10</subfield>
    <subfield code="l">0</subfield>
    <subfield code="o">658.15 K959F(13)</subfield>
    <subfield code="p">273439</subfield>
    <subfield code="r">2023-09-17 21:35:52</subfield>
    <subfield code="w">2023-09-17</subfield>
    <subfield code="y">BK</subfield>
  </datafield>
  <datafield tag="952" ind1=" " ind2=" ">
    <subfield code="0">0</subfield>
    <subfield code="1">0</subfield>
    <subfield code="4">0</subfield>
    <subfield code="6">658_150000000000000_K959F13</subfield>
    <subfield code="7">0</subfield>
    <subfield code="9">247218</subfield>
    <subfield code="a">MAIN</subfield>
    <subfield code="b">MAIN</subfield>
    <subfield code="d">2011-02-10</subfield>
    <subfield code="l">0</subfield>
    <subfield code="o">658.15 K959F(13)</subfield>
    <subfield code="p">273440</subfield>
    <subfield code="r">2023-09-17 21:35:52</subfield>
    <subfield code="w">2023-09-17</subfield>
    <subfield code="y">BK</subfield>
  </datafield>
  <datafield tag="999" ind1=" " ind2=" ">
    <subfield code="c">151168</subfield>
    <subfield code="d">151168</subfield>
  </datafield>
</record>
